000 00863nam a2200229Ia 4500
001 8764
003 GE_BSU
008 181216s||||||||xx |||||||||||||| ||und||
040 _cGE_BSU
080 _a821.353.1-32
100 _aინანიშვილი, რევაზ
245 _aმეგობრისადმი მინაწერი წერილებიდან
245 _bმოთხრობები.
245 _cრედ. ვ. ჯავახაძე, მხატვ. კ. ყარაშვილი
260 _aთბილისი.
260 _bსაბჭ.საქართველო
260 _c1958
300 _a148გვ. 20სმ.
653 _aმეგობრისადმი მინაწერი წერილებიდან
653 _aმოთხრობები
942 _cBK
999 _c42074
_d42074